00338 a2200109 4500082001500000100001700015245005000032260005400082300003300136500003700169650002200206 a 954.91092 a Zahid Malik aDr.A.Q.khan and the islamic bombcZahid Malik aIslamabad:bHurmat Publication (Pvt) Ltd.,c1992. aiv, 353 p.b : ill. ;c24 cm aDr.A.Q.khan and the islamic bomb a Nuclear weapons.